000 00826nas a2200265 4500
001 BR2014002848
003 BR-BrBNA
005 20231205123957.0
007 ta
008 230509b bl.|||p| |||| 00| 00por d
040 _aBR-BrBNA
_bpor
_cBiblioteca Nacional de Agricultura
041 _a(Pt)
072 _aH20; F30
100 1 _aPaula, R.S. de
100 1 _aOliveira, W.F. de
245 1 _aResistência de tomateiro (Lycopersicon esculentum Mill.)a Stemphylium solani Weber
650 _aTOMATE
650 _aGENÓTIPO
650 _aBANCO DE GERMOPLASMA
650 _aMANCHA PARDA
650 _aVARIEDADE RESISTENTE
773 0 _tPesquisa Agropecuária Tropical (Brazil)
_xISSN 1517-6398
_g(Jul-Dec 2001), v. 31(2) p. 139-145
_wBR2014002848
909 _a202311
_bLúcia
_c55
_dLúcia Elande
942 _2AGRIS
_n0
_cANA
999 _c236709
_d236709